000 01327cab a2200361 4500
001 ABS58510
008 090401t1998 xxu||||| |||| 00| 0 eng d
035 _a(Sirsi) u85277
041 _aeng
100 _aAppleby, M.
245 _aLand management for the 21st century
260 _c1998
350 _a0
490 _aRural Practice Bulletin
_vJanuary/February 1998, 22-24(3)
520 _aArgues that it is time for a radical review of land management in Britain and the system that supports it. Lists current incentives to protect the environment and what they are achieving. Puts forward the view that in future environmental concerns and socio-economic objectives should become an integral part of the farming business rather than a marginal interest.
650 _aAGRI-ENVIRONMENT SCHEMES
650 _aCOUNTRYSIDE ACCESS SCHEME
650 _aCOUNTRYSIDE STEWARDSHIP SCHEME
650 _aEMPLOYMENT
650 _aENVIRONMENTAL ISSUES
650 _aENVIRONMENTALLY SENSITIVE AREAS
650 _aFUTURE
650 _aHABITAT SCHEME
650 _aINCENTIVE SCHEMES
650 _aLAND MANAGEMENT
650 _aMOORLAND SCHEME
650 _aNITRATE SENSITIVE AREAS
650 _aORGANIC AID SCHEME
650 _aTIR CYMEN
690 _aRURAL PRACTICE
942 _n0
948 _c27/03/1998
999 _c53615
_d53615